| 000 | 00587cam a2200169 4500500 | ||
|---|---|---|---|
| 005 | 20260405003953.0 | ||
| 041 | _afre | ||
| 042 | _adc | ||
| 100 | 1 | 0 |
_aPerragin, Charles _eauthor |
| 245 | 0 | 0 | _a“Je sommes plusieurs”, de Pierre Bayard : et si nous étions des multiples de nous-mêmes ? |
| 260 | _c2025. | ||
| 500 | _a6 | ||
| 690 | _aMultiple | ||
| 690 | _aPierre Bayard | ||
| 786 | 0 | _nPhilosophie magazine | 194 | 11 | 2025-11-01 | p. 144-145 | 1951-1787 | |
| 856 | 4 | 1 | _uhttps://shs.cairn.info/magazine-philosophie-magazine-2025-11-page-144?lang=fr&redirect-ssocas=7080 |
| 999 |
_c2072547 _d2072547 |
||